000 00721nam a2200253Ia 4500
003 OSt
005 20220918202611.0
006 a|||||r|||| 00| 0
007 ta
008 220917b |||||||| |||| 00| 0 eng d
024 _a102,473
037 _cTextual
040 _aARTS
_cARTS
_beng
041 _2eng
_aeng
082 _aV25244,8.M, L9
100 _aSrivastava Dharma Bhanu
_9104540
245 0 _aProvince of Agra
_b Its history and adminstration
260 _aNew Delhi
_bConcept Publications Co.
_c1979
300 _aix, 307p.
_ccm.
500 _aBibliography p286--302
650 _aHISTORY
942 _hV25244,8.M, L9
_cTEXL
_2CC
999 _c225927
_d225927